| 000 | 00566 a2200181 4500 | ||
|---|---|---|---|
| 999 |
_c4189 _d4189 |
||
| 010 | _aENG-86182 | ||
| 020 |
_a8123748345 _c60.00 |
||
| 035 | _aEN-69715 | ||
| 037 | _bDBAD / PUB | ||
| 082 | 1 | 4 | _a320.9538 |
| 100 | 1 | _aDietl, Gulshan | |
| 245 | 1 |
_aSaudi Arabia : _cby Gulshan Dietl _bpeople, politics, policies / |
|
| 260 |
_aNew Delhi _bNational Book Trust, India _c2006 |
||
| 270 |
_aA-5, Green Park _bNew Delhi _cNew Delhi _e110 016 |
||
| 300 |
_ax, 133p. _c22 cm. (pbk) |
||
| 490 | _aPopular Social Science | ||
| 942 |
_adpl _cEN _2ddc _h320.9538 _mDIE |
||